000 01092nam a22003257a 4500
003 CHAP
005 20250819101530.0
008 971013s r 00010 d
010 _a11828
011 _a12800
035 _a16494
040 _cCHAP
090 _aFolleto 11345
100 0 0 _aCalderón Marroquín, Lara Ixmukane.
_917406
245 _aIntroducción a la programación lineal aplicada a la agricultura
260 _aChapingo, Méx. :
_bUACH. Departamento de Economía Agrícola,
_c[198?]
300 _a19 p.
_b; apénd
490 _aUACH. Agro-Economía
_v; 1
590 _aBATCH-UPD
_b10
_c20130110
_lUCH01
_h1622
590 _aBATCH-UPD
_b10
_c20130410
_lUCH01
_h1016
590 _aBATCH-UPD
_b10
_c20130914
_lUCH01
_h1933
590 _aCONVERSION
_b10
_c20130109
_lUCH01
_h1308
650 1 4 _aAgricultura
_xModelos matematicos.
_91744
650 1 4 _aProgramación lineal.
_992371
700 1 _aPortillo Vázquez, Marcos
_991007
830 0 _aUACH. Agro-Economía
_v; 1
_9115818
901 _aBK
942 _cFOLL
949 _aFolleto 11345
_bBC
_cFOLL
_d-53802
_eTS1
_i16494
_mD
_si
999 _c11828
_d11828